000 00364pab a2200145 454500
008 180718b2001 xxu||||| |||| 00| 0 eng d
100 _aDas, J.N.
245 _aTowards a vision, strategy and tactics for people's technology
260 _c2001
300 _ap.2-9
362 _aJan
650 _aScience and technology
773 _aKurukshetra
909 _a47247
999 _c47247
_d47247